Detalles MARC
| 000 -LEADER |
| fixed length control field |
02340nam a2200529Ii 4500 |
| 001 - CONTROL NUMBER |
| control field |
DIGCSIC0497 |
| 003 - CONTROL NUMBER IDENTIFIER |
| control field |
NyNyDIG |
| 008 - FIXED-LENGTH DATA ELEMENTS--GENERAL INFORMATION |
| fixed length control field |
200221s2019 sp a ob 000 0 spa d |
| 006 - FIXED-LENGTH DATA ELEMENTS--ADDITIONAL MATERIAL CHARACTERISTICS |
| fixed length control field |
m o d |
| 007 - PHYSICAL DESCRIPTION FIXED FIELD--GENERAL INFORMATION |
| fixed length control field |
cr ||||||||||| |
| 035 ## - SYSTEM CONTROL NUMBER |
| System control number |
(OCoLC)1111864361 |
| 040 ## - CATALOGING SOURCE |
| Original cataloging agency |
DGITA |
| Language of cataloging |
eng |
| Description conventions |
rda |
| -- |
pn |
| Transcribing agency |
DGITA |
| 020 ## - INTERNATIONAL STANDARD BOOK NUMBER |
| International Standard Book Number |
9788400104979 |
| Qualifying information |
(eBook ; |
| -- |
pdf) |
| 020 ## - INTERNATIONAL STANDARD BOOK NUMBER |
| International Standard Book Number |
8400104978 |
| Qualifying information |
(eBook ; |
| -- |
pdf) |
| 020 ## - INTERNATIONAL STANDARD BOOK NUMBER |
| Canceled/invalid ISBN |
9788400104962 |
| Qualifying information |
(CSIC) |
| 020 ## - INTERNATIONAL STANDARD BOOK NUMBER |
| Canceled/invalid ISBN |
840010496X |
| Qualifying information |
(CSIC) |
| 020 ## - INTERNATIONAL STANDARD BOOK NUMBER |
| Canceled/invalid ISBN |
9788481817294 |
| Qualifying information |
(Ministerio de Cultura y Deporte) |
| 020 ## - INTERNATIONAL STANDARD BOOK NUMBER |
| Canceled/invalid ISBN |
8481817295 |
| Qualifying information |
(Ministerio de Cultura y Deporte) |
| 024 7# - OTHER STANDARD IDENTIFIER |
| Standard number or code |
694-19-136-0 |
| Qualifying information |
(e-NIPO ; |
| -- |
CSIC) |
| Source of number or code |
nipo |
| 024 7# - OTHER STANDARD IDENTIFIER |
| Canceled/invalid standard number or code |
694-19-135-5 |
| Qualifying information |
(CSIC) |
| Source of number or code |
nipo |
| 024 7# - OTHER STANDARD IDENTIFIER |
| Standard number or code |
822-19-045-9 |
| Qualifying information |
(e-NIPO ; |
| -- |
Ministerio de Cultura y Deporte) |
| Source of number or code |
nipo |
| 024 7# - OTHER STANDARD IDENTIFIER |
| Canceled/invalid standard number or code |
822-19-035-7 |
| Qualifying information |
(Ministerio de Cultura y Deporte) |
| Source of number or code |
nipo |
| 043 ## - GEOGRAPHIC AREA CODE |
| Geographic area code |
e-sp--- |
| 050 14 - LIBRARY OF CONGRESS CALL NUMBER |
| Classification number |
DP269.8.A7 ebook |
| 082 14 - DEWEY DECIMAL CLASSIFICATION NUMBER |
| Classification number |
946.081 |
| 100 1# - MAIN ENTRY--PERSONAL NAME |
| Personal name |
Álvarez Lopera, José, |
| Relator term |
author. |
| 245 13 - TITLE STATEMENT |
| Title |
La política de bienes culturales del Gobierno republicano durante la guerra civil española / |
| Statement of responsibility, etc. |
José Álvarez Lopera. |
| 250 ## - EDITION STATEMENT |
| Edition statement |
Segunda edición. |
| 264 #1 - PRODUCTION, PUBLICATION, DISTRIBUTION, MANUFACTURE, AND COPYRIGHT NOTICE |
| Place of production, publication, distribution, manufacture |
[Madrid] : |
| Name of producer, publisher, distributor, manufacturer |
Ministerio de Cultura y Deporte, Secretaría General Técnica : |
| -- |
Consejo Superior de Investigaciones Científicas (CSIC), |
| Date of production, publication, distribution, manufacture, or copyright notice |
2019. |
| 300 ## - PHYSICAL DESCRIPTION |
| Extent |
1 online resource : |
| Other physical details |
illustrations. |
| 336 ## - CONTENT TYPE |
| Content type term |
text |
| Content type code |
txt |
| Source |
rdacontent |
| 337 ## - MEDIA TYPE |
| Media type term |
computer |
| Media type code |
c |
| Source |
rdamedia |
| 338 ## - CARRIER TYPE |
| Carrier type term |
online resource |
| Carrier type code |
cr |
| Source |
rdacarrier |
| 347 ## - DIGITAL FILE CHARACTERISTICS |
| File type |
text file |
| Source |
rdaft |
| 347 ## - DIGITAL FILE CHARACTERISTICS |
| Encoding format |
PDF |
| 504 ## - BIBLIOGRAPHY, ETC. NOTE |
| Bibliography, etc. note |
Includes bibliographical references. |
| 588 0# - SOURCE OF DESCRIPTION NOTE |
| Source of description note |
Online resource; title from PDF title page (Digitalia, viewed February 21, 2020) |
| 650 #0 - SUBJECT ADDED ENTRY--TOPICAL TERM |
| Topical term or geographic name entry element |
Cultural property |
| General subdivision |
Protection |
| Geographic subdivision |
Spain |
| General subdivision |
History |
| Chronological subdivision |
20th century. |
| 651 #0 - SUBJECT ADDED ENTRY--GEOGRAPHIC NAME |
| Geographic name |
Spain |
| General subdivision |
History |
| Chronological subdivision |
Civil War, 1936-1939 |
| General subdivision |
Art and the war. |
| 655 #0 - INDEX TERM--GENRE/FORM |
| Genre/form data or focus term |
Electronic books. |
| 791 2# - |
| -- |
Digitalia (Firm), |
| -- |
distributor. |
| 793 0# - |
| -- |
Digitalia eBook Collection: |
| -- |
Editorial CSIC |
| 776 08 - ADDITIONAL PHYSICAL FORM ENTRY |
| Relationship information |
Print version: |
| Main entry heading |
Álvarez Lopera, José. |
| Title |
Política de bienes culturales del Gobierno republicano durante la guerra civil española. |
| Place, publisher, and date of publication |
Madrid : Consejo Superior de Investigaciones Científicas, 2019 |
| International Standard Book Number |
9788400104962 |
| Record control number |
(OCoLC)1111886596 |
| 856 40 - ELECTRONIC LOCATION AND ACCESS |
| Materials specified |
Digitalia Hispánica |
| Uniform Resource Identifier |
<a href="https://www.digitaliapublishing.com/a/61530/">https://www.digitaliapublishing.com/a/61530/</a> |
| 910 ## - USER-OPTION DATA (OCLC) |
| User-option data |
Premium collection: 2020 |
| 942 ## - ADDED ENTRY ELEMENTS (KOHA) |
| Koha item type |
Recurso Electrónico |